Vista normal
Vista MARC
Entrada Topical Term
Nombre de registres utilitzats a: 29
001 - CONTROL NUMBER
- control field: 3128
003 - CONTROL NUMBER IDENTIFIER
- control field: OSt
005 - DATE AND TIME OF LATEST TRANSACTION
- control field: 20151026133111.0
008 - FIXED-LENGTH DATA ELEMENTS
- fixed length control field: 130410|| aca||babn | a|a d
040 ## - CATALOGING SOURCE
- Original cataloging agency: OStCDMR
150 0# - HEADING--TOPICAL TERM
- Topical term or geographic name as entry element: Xarxes socials en línia
450 ## - SEE FROM TRACING--TOPICAL TERM
- Topical term or geographic name entry element: Comunitats virtuals
450 ## - SEE FROM TRACING--TOPICAL TERM
- Topical term or geographic name entry element: Xarxes socials per Internet
450 ## - SEE FROM TRACING--TOPICAL TERM
- Topical term or geographic name entry element: Xarxes socials virtuals
450 ## - SEE FROM TRACING--TOPICAL TERM
- Topical term or geographic name entry element: Xarxes socials (Internet)